000 00677nam a22002177a 4500
003 UA-OsUOA
001 42147
007 ta
008 20081127b un ||||| |||| 00| 0 ukr d
090 _a94(477).152 (К) 061
_bН28
942 _cBK
040 _aUA-OsUOA
_bukr
_cUA-OsUOA
_dUA-OsUOA
245 _aНарис історії матірного товариства просвітиі огляд просвітних товариств у Канаді
300 _a310 с.
955 _a4
041 _aukr
080 _a94(477).152 (К) 061
260 _aВінніпег
_c1968
650 7 _a9 Географія. Біографії. Історія
_2UDC
999 _c440645
_d440645